000 00307 a2200145 4500
001 177257
020 _a
040 _cMagnum
100 _aRocha, Denise Michaloskey da
240 1 0 _aLivro de jogos
_lpor
245 1 0 _aLivro de jogos
362 0 _a1899
697 _aMAGNITO: PARADIDATICO
942 _cBK
999 _c177257
_d177257